An Easy Way to KSR/ (Record no. 188391)

MARC details
000 -LEADER
fixed length control field 00536nam a22001817a 4500
005 - DATE AND TIME OF LATEST TRANSACTION
control field 20220520105737.0
010 ## - LCCN (DPL NO)
LC control number ENG-132732
020 ## - INTERNATIONAL STANDARD BOOK NUMBER
International Standard Book Number 938501844-2
Terms of availability 150.00
035 ## - SYSTEM CONTROL NUMBER
System control number EN-116264
037 ## - SOURCE OF ACQUISITION
Source of stock number/acquisition DBAD/PUB
082 ## - DEWEY DECIMAL CLASSIFICATION NUMBER
Classification number 351.1
100 ## - MAIN ENTRY--PERSONAL NAME
Personal name Natesan, Sooryakode
245 ## - TITLE STATEMENT
Title An Easy Way to KSR/
Statement of responsibility, etc Sooryakode Natesan
260 ## - PUBLICATION, DISTRIBUTION, ETC. (IMPRINT)
Place of publication, distribution, etc Thiruvananthapuram
Name of publisher, distributor, etc Deshabhimani Bookhouse
Date of publication, distribution, etc 2014
270 ## - ADDRESS
Address 1H O Tiruvananthapuram
City Thiruvananthapuram
Postal code 695035
300 ## - PHYSICAL DESCRIPTION
Extent 176p.
Dimensions 22cm(pbk)
942 ## - ADDED ENTRY ELEMENTS (KOHA)
Source of classification or shelving scheme Dewey Decimal Classification
Item type English Books
Classification part 151.1
Call number suffix NAT
Holdings
Withdrawn status Lost status Not for loan Collection code Home library Current library Date acquired Source of acquisition Cost, normal purchase price Full call number Barcode Copy number Cost, replacement price Koha item type
      Non-fiction Patel Nagar Patel Nagar 20/05/2022 DBAD/PUB 150.00 151.1 NAT EN-116264 1 150.00 English Books

© Delhi Public Library
Hit Counter
free hit counter